000
00326nam a2200133Ia 4500
008
191201s2007 xx 000 0 und d
082
_a
005.133
_b
KAT
100
_a
KANETKAR Yashavant
245
0
_a
Test Your C ++ Skills
260
_a
N.Delhi
_b
BPB Publication
_c
2007
300
_a
461
650
_a
B.Tech(IT)
942
_2
ddc
_c
BK
999
_c
2810
_d
2810